000
00339nam a22001457a 4500
008
210511b ||||| |||| 00| 0 eng d
020
_a
97808036199111
041
_a
eng
080
_2
11th
_a
610.73
082
_a
610.73
100
_a
1
101
_a
INF
245
_a
Davis's Drug Guide for Nursing
_c
Judith H. Deglin
942
_2
udc
_c
BK
999
_c
57198
_d
57198